000 00441nam a2200145Ia 4500
008 100122s9999 xx 000 0 und d
082 _b31159
_a822
100 _aखरे सुरेश
245 _aएका घरंात होती
260 _bजोशी ब्रदर्स
_c1972
300 _a93
630 _aएका घरंात होती
730 _aएका घरंात होती
942 _cBOOK
999 _c415859
_d415856